| 000 | 00364nam a2200169Ia 4500 | ||
|---|---|---|---|
| 100 | _aJoshi/P.H | ||
| 650 | _aPress tools | ||
| 942 | _cBK | ||
| 366 | _f20 | ||
| 654 | _apress tools | ||
| 245 | _aPress tools:Design and construction | ||
| 260 |
_bS.Chand & C0 _c2016 |
||
| 082 |
_a617.33 _bJOS |
||
| 300 | _a400 | ||
| 546 |
_aENGLISH _cInfo.Tech |
||
| 999 |
_c33825 _d33825 |
||